| 000 | 00644nam a22002177a 4500 | ||
|---|---|---|---|
| 003 | SISC | ||
| 005 | 20170118123217.0 | ||
| 008 | 131214b xxu||||| |||| 00| 0 eng d | ||
| 020 | _a9780070700888 | ||
| 050 |
_aHD 30.28 _b.R263 2012 |
||
| 100 | _aRay, Rajesh. | ||
| 245 |
_aEnterprise resource planning / _bRajesh Ray. |
||
| 260 |
_aNew Delhi : _bTATA McGraw Hill Education, _c2011. |
||
| 300 |
_axvii, 602 pages : _billustrations ; _c24 cm. |
||
| 500 | _aIncludes index. | ||
| 650 | _aBusiness planning. | ||
| 650 | _aProduction planning. | ||
| 650 | _aManagement information systems. | ||
| 942 |
_2lcc _cBK _kFOR |
||
| 999 |
_c25780 _d25780 |
||